A time for silence / Philippa Carr.
Available copies
- 1 of 1 copy available at LARL/NWRL Consortium.
Current holds
0 current holds with 1 total copy.
View other formats and editions
Show Only Available Copies
| Location | Call Number / Copy Notes | Barcode | Shelving Location | Status | Due Date |
|---|---|---|---|---|---|
| Roseau Public Library | CAR (Text) | 35500001707239 | Main | Available | - |
Record details
- ISBN: 0399136193 (alk. paper) :
- Physical Description: 349 p. ; 23 cm.
- Publisher: New York : Putnam, c1991.
| LDR | 00646cam a2200193Ia 4500 | ||
|---|---|---|---|
| 001 | 9790 | ||
| 003 | LARL_NWRL_CONSORTIUM | ||
| 005 | 19911023164650.0 | ||
| 008 | 901001s1991 nyu 000 1 eng | ||
| 020 | . | ‡a0399136193 (alk. paper) : ‡c$21.95 | |
| 035 | . | ‡a(OCoLC)22629925 | |
| 040 | . | ‡aDLC ‡cDLC ‡dLAL | |
| 082 | 0 | 0. | ‡a823/.914 ‡220 |
| 099 | . | ‡aCar | |
| 100 | 1 | . | ‡aCarr, Philippa, ‡d1906-1993. ‡0(LARL_NWRL_CONSORTIUM)96292 |
| 245 | 1 | 2. | ‡aA time for silence / ‡cPhilippa Carr. |
| 260 | . | ‡aNew York : ‡bPutnam, ‡cc1991. | |
| 300 | . | ‡a349 p. ; ‡c23 cm. | |
| 901 | . | ‡a9790 ‡bOCLC ‡c9790 ‡tbiblio | |

Add to basket
Permalink
Disable Highlighting